00579 2200217 4500001002100000005001500021035002000036007000300056008004100059020001800100082000800118084001400126100002200140245006300162250001100225260003900236300002600275650002000301504003100321990000900352INLIS00000000000161520180221092713 a0010-0218000210ta180221 g 0 ind  a979-96856-1-3 a301 a301 BRY r0 aBRYAN, S. Turner1 aRuntuhnya Universalitas Sosiologi Barat /cBryan S. Turner acet. 1 aYogyakarta :bAr-Ruzz Media,c2016 a404 hlm ;c14 x 21 cm aSOSIOLOGI BARAT aBibliografi; hlm 357 - 389 a5812